| 000 | 00444nam a2200169 a 4500 | ||
|---|---|---|---|
| 001 | 0000-9251 | ||
| 003 | ELIB.Books | ||
| 008 | 110520 1976 | ||
| 035 | _a(ELIB.Books)0000-9403 | ||
| 082 |
_a201.1 _bEld |
||
| 100 | _aEldwood, Douglas J. | ||
| 245 | _aWhat Asian Christian are Thinking | ||
| 260 |
_bPhilippine: New Day Publishers _c1976 |
||
| 650 | _aAsian Theology | ||
| 942 |
_2ddc _cBK |
||
| 998 |
_cbat _e2011-05-20 |
||
| 999 |
_c9251 _d9251 |
||